Des weyland Durchlauchtigsten Fürsten und Herrn/ Herrn Ernsten/ Hertzogen zu Sachsen/ Jülich/ Cleve und Berg/ Landgrafen in Thüringen/ Marggrafen zu Meissen/ Gefürsteten Grafen zu Henneberg/ Grafen zu der Marckt und Ravensberg/ Herrn zu Ravenstein/ u. Hochseeligsten Andenckens/ Ordnungen/ Das Kirchen-und Schulwesen betreffende; Auf Befehl Seiner Kürstl. Durchl. Hrn. Sohns/ Des auch Durchlauchtigsten Fürsten und Herrn/ Herrn Ernsten/ Hertzogen zu Sachsen/ Jülich/ Cleve und Berg/ Landgrafen in Thüringen/ Maggrafen zu Meissen/ Gefürsteten Grafen zu Henneberg/ Grafen zu der Marck und Ravensberg/ Herrn zu Ravenstein/ u. Zusammen getragen und erneuert herauß gegeben/ In Zweyen Theilen/ Vor die Kirchen und Schulen in Seiner Fürstl. Durchl. Antheil Landes

Bibliographic Details
Corporate Author: Wentzel, Samuel (Hildburghausen, Nemecko) (Printer)
Format: Book
Language:German
PhysicalDescription:[14], 572, [4], 408 s. 20 cm
Published: Hildburghausen Gedruckt und zu finden bey Samuel Wentzeln, J. S. Buchdr. 1685
Subjects:

MARC

LEADER 00000nam a2200000 a 4500
001 vtls011778486
003 SK-MaSNL
005 20260301183611.0
008 251112 1685 gw 000 0 ger
015 |a SNBHFA1685 
040 |a SNKHF  |b slo  |c SNK  |e AACR2 
041 0 |a ger 
044 |a gw  |c DE 
072 7 |a 2-1  |x Prirodzená teológia. Náboženská filozofia  |2 konspekt 
080 |a 2-1  |2 2011 
245 1 4 |a Des weyland Durchlauchtigsten Fürsten und Herrn/ Herrn Ernsten/ Hertzogen zu Sachsen/ Jülich/ Cleve und Berg/ Landgrafen in Thüringen/ Marggrafen zu Meissen/ Gefürsteten Grafen zu Henneberg/ Grafen zu der Marckt und Ravensberg/ Herrn zu Ravenstein/ u. Hochseeligsten Andenckens/ Ordnungen/ Das Kirchen-und Schulwesen betreffende; Auf Befehl Seiner Kürstl. Durchl. Hrn. Sohns/ Des auch Durchlauchtigsten Fürsten und Herrn/ Herrn Ernsten/ Hertzogen zu Sachsen/ Jülich/ Cleve und Berg/ Landgrafen in Thüringen/ Maggrafen zu Meissen/ Gefürsteten Grafen zu Henneberg/ Grafen zu der Marck und Ravensberg/ Herrn zu Ravenstein/ u. Zusammen getragen und erneuert herauß gegeben/ In Zweyen Theilen/ Vor die Kirchen und Schulen in Seiner Fürstl. Durchl. Antheil Landes 
260 |a Hildburghausen  |b Gedruckt und zu finden bey Samuel Wentzeln, J. S. Buchdr.  |c 1685 
300 |a [14], 572, [4], 408 s.  |c 20 cm 
500 |a Dielo obsahuje dve časti 
504 |a Register 
505 2 0 |a Prítlačok 1, obsahovo relevntný k textu hlavného diela knihy  |g 1-408 s.  |t Synodal = Schlufz 
508 |a Predslov 
562 |a Rukopisný latinský text na voľných listoch pred hlavným dielom a za hlavným dielom.  |5 SNK IC 144153 
650 0 7 |a teológia  |2 SNKPH  |9 1814 
650 0 7 |a náboženská filozofia  |2 SNKPH  |9 3774 
710 2 |a Učená spoločnosť malohontská  |4 fmo  |9 205374 
710 0 |a Wentzel, Samuel (Hildburghausen, Nemecko),  |d 1683-1692  |4 prt  |9 559067 
752 |a Nemecko  |d Hildburghausen 
852 |a snk  |b Historické fondy  |p IC 144153 
999 |c 857647  |d 859577 
952 |t MHC II.C.c.5  |a SNK  |b SNK  |c SNK_HF  |y PREZ  |7 0  |p 17A1301420  |o snkIC 144053  |i snk2018/18522  |8 5  |0 0  |1 0  |4 0  |d 2018-09-12  |l 0  |r 2026-02-24 05:01:56  |w 2026-02-24